Statistics for Historical Events and Figures #5

Click here to take the quiz!

General Stats

  • This quiz has been taken 20 times
  • The average score is 5 of 20

Answer Stats

DescriptionAnswer% Correct
Former female prime minister of PakistanBenazir Bhutto
89%
Found father of the Republic of Turkey and its first leaderMustafa Kemal Ataturk
83%
Leader of an Iranian revolution and first leader of the Republic of IranRuhollah Khomeini
72%
Egyptian president assassinated during a parade by Muslim extremistsAnwar Sadat
61%
German philosopher who wrote "Critique of Pure Reason"Immanuel Kant
56%
Military conflict that ended in Kenyan independenceMau Mau Uprising
39%
Scottish philosopher who wrote about empiricism in "A Treatise of Human Nature"David Hume
33%
Sociologist in the early 20th century who wrote about civil rights in "The Souls of Black Folk"W. E. B. Du Bois
17%
Treaties that ended the War for Spanish SucessionTreaty of Utrecht
11%
Largest naval battle in WWII between Japan and the United StatesBattle of Leyte Gulf
6%
Co-founder with Cesar Chavez of the United Farmworkers Association (UFA)Dolores Huerta
6%
German 18th century literature movement with writers such as GoetheSturm and Drang
6%
Book by Horace Walpole regarded as the first Gothic novelThe Castle of Otranto
6%
Man who led peasants' rebellions during the reign of Catherine the GreatYemelyan Pugachev
6%
Head of government while Mao Zedong ruled ChinaZhou Enlai
6%
Battle that ended the French influence and divided VietnamBattle of Dien Bien Phu
0%
Journalist recognized as the leader of the feminist movementGloria Steinem
0%
Revolt against the tyrannical rule of King Henry VIIIPilgrimage of Grace
0%
Autobiography of a woman at the turn of the 15th centuryThe Book of Margery Kempe
0%
English and Spanish war fought mostly in the CaribbeanWar of Jenkins' Ear
0%

Score Distribution

Percentile by Number Answered

Percent of People with Each Score

Your Score History

You have not taken this quiz